[Event "Aarhus Chess House Summer op"]
[Site "Aarhus"]
[Date "2017.06.25"]
[Round "1"]
[White "Jensen, Vagn"]
[Black "Hedelykke, Kristen"]
[Result "1-0"]
[WhiteElo "2163"]
[BlackElo "1750"]
[PlyCount "63"]
[EventDate "2017.06.25"]
[EventType "swiss"]
[EventRounds "7"]
[EventCountry "DEN"]
[SourceTitle "EXT 2018"]
[Source "ChessBase"]
[SourceDate "2017.10.13"]
[SourceVersion "1"]
[SourceVersionDate "2017.10.13"]
[SourceQuality "1"]

1. e4 e6 2. d4 d5 3. exd5 exd5 4. c4 Bb4+ 5. Nc3 Qe7+ 6. Be3 Nf6 7. Nf3 Ng4 8. cxd5 Nxe3 9. fxe3 Qxe3+ 10. Qe2 Qxe2+ 11. Bxe2 f6 12. 0-0 a6 13. Bc4 Bg4 14. Rae1+ Kd8 15. Nh4 Re8 16. Rxe8+ Kxe8 17. Ne4 Nd7 18. h3 Nb6 19. Bb3 Be2 20. Rc1 g5 21. Nf5 Bd3 22. Nfg3 Kd8 23. Nxf6 Bd2 24. Rd1 Be3+ 25. Kh1 Bg6 26. Ng4 Bf4 27. Ne2 Bd6 28. Ne5 Be8 29. Nc3 Nd7 30. Re1 h6 31. Bc2 b5 32. Nc6+ 1-0